000 00593nam a22001932 4500
001 0000002964
005 20151217151909.0
008 070424s xx 000 0 eng d
040 _aKABU
_cKABU
050 0 _aHG2491
_b.J64 1993
100 1 _aJohnson, Hazel J.
_@0000152515
245 1 0 _aFinancial institutions and markets :
_ba global perspective /
_cHazel J. Johnson.
260 _aNew York :
_bMcGraw-Hill,
_cc1993.
300 _axxi, 560 p.
650 0 _aFinance institutions.
_@0000152516
908 _a070424
950 _@1
999 _c6137
_d6137